header

Cohesion (Record no. 213726)

MARC details
000 -LEADER
fixed length control field 01341nam a2200349 a 4500
082 04 - DEWEY DECIMAL CLASSIFICATION NUMBER
Classification number 401/.41
100 1# - MAIN ENTRY--AUTHOR NAME
Personal name Christiansen, Thomas,
245 10 - TITLE STATEMENT
Title Cohesion
260 ## - PUBLICATION, DISTRIBUTION, ETC. (IMPRINT)
Place of publication Bern ;
-- New York :
Name of publisher Peter Lang,
Year of publication c2011.
300 ## - PHYSICAL DESCRIPTION
Number of Pages 387 p. :
Other physical details ill.
490 1# - SERIES STATEMENT
Series statement Linguistic insights : studies in language and communication ;
650 #0 - SUBJECT ADDED ENTRY--TOPICAL TERM
Topical Term Cohesion (Linguistics)
Topical Term Discourse analysis.
856 40 - ELECTRONIC LOCATION AND ACCESS
Uniform Resource Identifier http://site.ebrary.com/lib/rucke/Doc?id=10599950

No items available.

© 2026 Rongo University
Contact us: librarian | system librarian | Rongo university